| 000 | 00993cam a22003015i 4500 | ||
|---|---|---|---|
| 999 |
_c27650 _d27621 |
||
| 001 | 010053010 | ||
| 003 | EG-ScBUE | ||
| 005 | 20190926101439.0 | ||
| 008 | 880120t1987 enka f b 001 0 eng d | ||
| 020 | _a0333347609 (pbk) | ||
| 020 | _a9780333347607 (pbk) | ||
| 040 |
_aUk _beng _erda _cUk _dEG-ScBUE |
||
| 082 | 0 | 4 |
_a324.6 _bHAR _222 |
| 100 | 1 |
_aHarrop, Martin, _eauthor. _910961 |
|
| 245 | 1 | 0 |
_aElections and voters : _ba comparative introduction / _cMartin Harrop and William L. Miller. |
| 264 | 1 |
_aHampshire, UK ; _aNew York : _bPalgrave Macmillan, _c[1987] |
|
| 264 | 4 | _cc1987 | |
| 300 |
_aix, 287 pages : _bill. ; _c23 cm. |
||
| 336 |
_atext _btxt _2rdacontent |
||
| 337 |
_aunmediated _bn _2rdamedia |
||
| 338 |
_avolume _bnc _2rdacarrier |
||
| 504 | _aIncludes bibliographical references and index. | ||
| 650 | 7 |
_aVoting. _2BUEsh |
|
| 650 | 7 |
_aElections. _2BUEsh _928752 |
|
| 653 |
_bMASPPSS _cSeptember2019 |
||
| 700 | 1 |
_aMiller, William Lockley, _d1943- _eauthor. |
|
| 942 |
_2ddc _cBB |
||